Statistics for History 1700 - 2001

Click here to take the quiz!

General Stats

  • This quiz has been taken 37 times
  • The average score is 9 of 15

Answer Stats

QuestionAnswer% Correct
What year did the United States of America become independent1776
85%
What year did the Ottoman Empire surrender in World War I?1918
85%
Where was Napoleon Bonaparte sent into exile the first time?Elba
79%
Where was Napoleon Bonaparte sent into exile the second time?Saint Helena
79%
What year did The German Empire unite?1871
67%
What year did Congo become Belgian territory?1885
61%
What year did Ireland become independent?1921
61%
What years was the Spanish civil war fought through?1936-1939
58%
What year did Napoleon Bonaparte become First Consul?1799
52%
What year did Mexico gain independence?1821
52%
When did Gorbachev come to power?1985
52%
What year did the Tokugawa Shogunate end?1867
48%
What year was the Kingdom of Italy founded?1861
45%
What year did Yugoslavia collapse?1992
45%
What year did the continuation war end?1944
24%

Score Distribution

Percentile by Number Answered

Percent of People with Each Score

Your Score History

You have not taken this quiz